LEADER 02719nam 2200517 450 001 9910139188403321 005 20230721012706.0 010 $a3-7639-4405-2 035 $a(CKB)2560000000060032 035 $a(EBL)646974 035 $a(OCoLC)705535855 035 $a(SSID)ssj0001557895 035 $a(PQKBManifestationID)16183371 035 $a(PQKBTitleCode)TC0001557895 035 $a(PQKBWorkID)14818882 035 $a(PQKB)10303928 035 $a(MiAaPQ)EBC646974 035 $a(EXLCZ)992560000000060032 100 $a20150609h20092009 uy 0 101 0 $ager 135 $aur|n|---||||| 181 $ctxt 182 $cc 183 $acr 200 10$aGeht die arbeitslosenversicherung in rente? $eDenkanstoss fu?r ein system privater arbeitslosen- und rentenversicherung /$fRoman Lutz 210 1$aBielefeld, [Germany] :$cW. Bertelsmann Verlag,$d2009. 210 4$d©2009 215 $a1 online resource (261 p.) 225 1 $aIAB-Bibliothek,$x1865-4096 ;$v316 300 $aDescription based upon print version of record. 311 $a3-7639-4003-0 320 $aIncludes bibliographical references. 327 $aInhalt; Kapitel 1 Einleitung; Kapitel 2 Unterschiedliche Konzepte fu?r die moneta?re Absicherung des Verdienstausfalls bei Arbeitslosigkeit; Kapitel 3 Hindernisse auf dem Weg zu einer privaten Arbeitslosenversicherung; Kapitel 4 Ein System privater Arbeitslosen- und Rentenversicherung als Denkanstoß zur Umgestaltung der deutschen Sozialversicherung; Kapitel 5 Determinanten von Arbeitslosigkeit und Langlebigkeit - theoretische Erkla?rungsansa?tze und empirische Befunde; Kapitel 6 Methodik und Daten; Kapitel 7 Empirische Ergebnisse; Kapitel 8 Fazit 330 $aHauptbeschreibungDiese Dissertation entwickelt ein Konzept fu?r eine private Arbeitslosen- und Rentenversicherung mit jeweils risikoa?quivalenten Versicherungspra?mien. Der Autor stellt unterschiedliche Ansa?tze zur Ausgestaltung der Arbeitslosenversicherung vor und bewertet deren praktische Relevanz. Daru?ber hinaus werden die Argumente gegen eine Privatisierung der Arbeitslosenversicherung ausfu?hrlich diskutiert und kritisch hinterfragt. Sodann werden die empirischen Ergebnisse bisheriger Untersuchungen zu Arbeitslosigkeit und Langlebigkeit sowie zu den Wechselwirkungen zwischen di 410 0$aIAB-Bibliothek ;$v316. 606 $aUnemployment insurance$zGermany 615 0$aUnemployment insurance 676 $a331.340943 700 $aLutz$b Roman$01371109 801 0$bMiAaPQ 801 1$bMiAaPQ 801 2$bMiAaPQ 906 $aBOOK 912 $a9910139188403321 996 $aGeht die arbeitslosenversicherung in rente$93399907 997 $aUNINA LEADER 01802oam 2200505 450 001 9910706531503321 005 20180611091739.0 035 $a(CKB)5470000002457134 035 $a(OCoLC)1014329736 035 $a(EXLCZ)995470000002457134 100 $a20171208d2017 ua 0 101 0 $aeng 135 $aurbn||||a|||| 181 $ctxt$2rdacontent 182 $cc$2rdamedia 183 $acr$2rdacarrier 200 10$aBurma's brutal campaign against the Rohingya $ehearing before the Subcommittee on Asia and the Pacific of the Committee on Foreign Affairs, House of Representatives, One Hundred Fifteenth Congress, first session, September 27, 2017 210 1$aWashington :$cU.S. Government Publishing Office,$d2017. 215 $a1 online resource (iii, 63 pages) $cmaps 300 $aPrint version available for sale by the Superintendent of Documents, U.S. Government Publishing Office. 300 $a"Serial No. 115-72." 320 $aIncludes bibliographical references. 517 $aBurma's brutal campaign against the Rohingya 606 $aRohingya (Burmese people) 606 $aHumanitarian assistance, American$zBurma 606 $aHuman rights$zBurma 606 $aDemocracy$zBurma 607 $aBurma$xForeign relations$zUnited States 607 $aUnited States$xForeign relations$zBurma 608 $aLegislative hearings.$2lcgft 615 0$aRohingya (Burmese people) 615 0$aHumanitarian assistance, American 615 0$aHuman rights 615 0$aDemocracy 801 0$bGPO 801 1$bGPO 801 2$bGPO 801 2$bOCLCF 801 2$bMERUC 801 2$bLWA 801 2$bGPO 906 $aBOOK 912 $a9910706531503321 996 $aBurma's brutal campaign against the Rohingya$93444899 997 $aUNINA